Saber hacer : matemática 2 es /
Guardado en:
| Autor Principal: | |
|---|---|
| Otros Autores: | , , |
| Formato: | Libro |
| Publicado: |
Buenos Aires :
Estrada,
2010
|
| Series: | Confluencias
|
| Materias: | |
| Etiquetas: |
Agregar Etiqueta
Sin Etiquetas, Sea el primero en etiquetar este registro!
|
| LEADER | 01370nam a22002775a 4500 | ||
|---|---|---|---|
| 001 | CEM.cems013500 | ||
| 005 | 20110303104705.0 | ||
| 008 | 130507s2010##################000#0#####d | ||
| 003 | CEMS | ||
| 020 | |a 9789500112130 | ||
| 082 | 0 | 4 | |a Z510 |
| 100 | 1 | |a Blatman, Ariel | |
| 245 | 1 | 0 | |a Saber hacer : |b matemática 2 es / |c Ariel Blatman ... [et Al.] |
| 260 | |a Buenos Aires : |b Estrada, |c 2010 | ||
| 300 | |a 32 p. | ||
| 490 | 0 | |a Confluencias | |
| 500 | |a Cuaderno de procedimientos | ||
| 505 | 0 | |a Los números enteros -- Construcciones geométricas -- Construyendo paralelogramos -- Problemas y ecuaciones -- Las ecuaciones, herramientas para resolver problemas -- Sumas y restas de términos semejantes -- Figuras equivalentes -- Distintas formas ... iguales áreas -- Areas de figuras compuestas -- Representaciones gráficas -- El lenguaje de los gráficos, de las tablas y de las fórmulas -- Cuerpos geométricos -- Fórmula de Euler -- El teorema de Pitágoras en cuerpo geométricas -- Métodos de conteo y probabilidad -- Diagramas de árbol -- Otras formas de conteo | |
| 653 | |a Matemática | ||
| 653 | |a Matemática-actividades | ||
| 653 | |a Matemática-2º esb | ||
| 653 | |a Matemática-8º egb | ||
| 700 | 1 | |a Delupí, Gustavo | |
| 700 | 1 | |a Giménez, Cecilia | |
| 700 | 1 | |a Vázquez, Amanda | |
| 859 | |a CEMS |b BIB. CEMS - 11 de abril |h Z510 |i B613-1 |p 26112.11 |t Ej.1 |v 2 |3 2 | ||
